000 00257nam a2200097Ia 4500
008 230915s9999 xx 000 0 und d
050 _aBF41 .N93 2013 C.19
100 _aNYASANI JOSEPH M.
245 0 _aMETAPHYSICAL PSYCHOLOGY:RATIONAL PSYCHOLOGY
942 _cBK
999 _c64036
_d64036